[Event "II Open A"]
[Site "Conegliano ITA"]
[Date "2008.06.02"]
[Round "6"]
[White "De Marchi, Alessandro"]
[Black "Coqueraut, Jean Dominique"]
[Result "1/2-1/2"]
[WhiteElo "1691"]
[BlackElo "1975"]
[PlyCount "75"]
[EventDate "2008.05.31"]

1. e4 d6 2. d4 Nf6 3. Nc3 g6 4. f3 Bg7 5. Be3 O-O 6. Qd2 e5 7. dxe5 dxe5 8.
Qxd8 Rxd8 9. Bc4 c6 10. a4 b6 11. Nge2 Ba6 12. Bb3 Bb7 13. Rd1 Na6 14. Kf2 Nc7
15. Rxd8+ Rxd8 16. Rd1 Rxd1 17. Nxd1 c5 18. a5 Nb5 19. axb6 axb6 20. c3 Nd6 21.
Ba2 Nd7 22. b3 Nb5 23. Ke1 Kf8 24. Kd2 Ke7 25. Ng3 f6 26. Nb2 Nd6 27. c4 Bc6
28. Bb1 Nf8 29. Bd3 Ne6 30. Bf1 Nd4 31. Bxd4 exd4 32. Nd3 Bh6+ 33. Kc2 Ke6 34.
Be2 Be3 35. Nf1 Bh6 36. Ng3 Be3 37. Nf1 Bh6 38. Ng3 1/2-1/2

[Event "II Open A"]
[Site "Conegliano ITA"]
[Date "2008.06.02"]
[Round "6"]
[White "Forato, Enrico"]
[Black "Bozzali, Ermanno"]
[Result "1/2-1/2"]
[WhiteElo "2037"]
[BlackElo "2202"]
[PlyCount "159"]
[EventDate "2008.05.31"]

1. e4 c5 2. Nf3 d6 3. d4 cxd4 4. Nxd4 Nf6 5. Nc3 a6 6. Be2 e5 7. Nb3 Be7 8. O-O
O-O 9. Kh1 b5 10. f4 Bb7 11. Bf3 Nbd7 12. Qe1 Rc8 13. f5 b4 14. Nd5 Nxd5 15.
exd5 a5 16. Rf2 Nf6 17. Bg5 h6 18. Bxf6 Bxf6 19. Be4 Qb6 20. a3 Ra8 21. Nd2
Rfc8 22. b3 Ba6 23. Rf3 Ra7 24. axb4 axb4 25. Qf2 Qxf2 26. Rxf2 Rca8 27. Ra5
Bd8 28. Ra4 Bb5 29. Rxa7 Rxa7 30. g3 Bb6 31. Rf3 Ra1+ 32. Kg2 Rg1+ 33. Kh3 Be2
34. Rd3 h5 35. Nf3 Bxd3 36. Bxd3 Rh1 37. Kh4 Bg1 38. Kh3 Be3 39. Kh4 Kf8 40.
Kxh5 Ke7 41. g4 Bf4 42. h4 Rh3 43. Be4 Rg3 44. g5 Be3 45. Nh2 Rg1 46. Nf3 Rg3
47. Nh2 Bf4 48. Nf3 Kf8 49. f6 gxf6 50. gxf6 Be3 51. Nh2 Bb6 52. Ng4 Be3 53.
Nh2 Rg1 54. Nf3 Rf1 55. Kg4 Bc1 56. Kg3 Bh6 57. Kg2 Ra1 58. Kg3 Ke8 59. Kg4 Rf1
60. Kg3 Bf4+ 61. Kg2 Rd1 62. Kh3 Kf8 63. Bd3 Kg8 64. Be4 Be3 65. Kg2 Bb6 66.
Nh2 Rd2+ 67. Kg3 Bf2+ 68. Kg4 Rd4 69. Kf5 Bxh4 70. Nf3 Rxe4 71. Kxe4 Bxf6 72.
Kf5 Kg7 73. Nd2 Be7 74. Ne4 Kh6 75. Nf2 Kh5 76. Nd3 e4 77. Kxe4 Kg4 78. Nf2+
Kg3 79. Nd3 Kg4 80. Nf2+ 1/2-1/2

[Event "II Open A"]
[Site "Conegliano ITA"]
[Date "2008.06.02"]
[Round "6"]
[White "Genocchio, Daniele"]
[Black "De Val, Daniele"]
[Result "1/2-1/2"]
[WhiteElo "2416"]
[BlackElo "2208"]
[PlyCount "72"]
[EventDate "2008.05.31"]

1. c4 Nf6 2. Nc3 g6 3. g3 Bg7 4. Bg2 O-O 5. e3 c6 6. d4 d5 7. Qb3 dxc4 8. Qxc4
Be6 9. Qa4 Qc8 10. h3 Na6 11. Nge2 c5 12. d5 Bd7 13. Qh4 h6 14. f4 Nb4 15. O-O
e6 16. e4 exd5 17. e5 Ne4 18. a3 Nxc3 19. Nxc3 Nc2 20. Nxd5 Qd8 21. Ne7+ Kh7
22. Be4 Bf5 23. Nxf5 Qxh4 24. gxh4 Nxa1 25. Nd6 Rad8 26. Be3 Nb3 27. h5 Rxd6
28. exd6 f5 29. hxg6+ Kxg6 30. Bxb7 Rd8 31. Rd1 Nd4 32. Kf2 Rxd6 33. Bg2 a5 34.
Bf1 Rb6 35. Rd2 Nb3 36. Rc2 Nd4 1/2-1/2

[Event "II Open A"]
[Site "Conegliano ITA"]
[Date "2008.06.02"]
[Round "6"]
[White "Giuriati, Paolo"]
[Black "Fontana, Enrico"]
[Result "1/2-1/2"]
[WhiteElo "2206"]
[BlackElo "2118"]
[PlyCount "113"]
[EventDate "2008.05.31"]

1. d4 c6 2. c4 d5 3. Nf3 Nf6 4. Nc3 e6 5. cxd5 exd5 6. Bg5 Be7 7. Qc2 O-O 8. e3
Nbd7 9. Bd3 h6 10. Bf4 Re8 11. O-O Nh5 12. Nxd5 Nxf4 13. Nxf4 Bd6 14. Ne2 Nf8
15. Bf5 Ne6 16. Ng3 Ng5 17. Nxg5 Qxg5 18. Bxc8 Raxc8 19. Rad1 g6 20. f4 Qg4 21.
Rf3 c5 22. d5 c4 23. h3 Qd7 24. e4 f6 25. e5 Bc5+ 26. Kh1 fxe5 27. Qxg6+ Qg7
28. Qf5 exf4 29. Nh5 Qg5 30. Nf6+ Kf7 31. Qxg5 hxg5 32. Nxe8 Rxe8 33. d6 Rd8
34. d7 Ke6 35. g3 Bd6 36. gxf4 gxf4 37. Rff1 b5 38. Rg1 Kxd7 39. Rg6 Kc7 40.
Kg2 Be5 41. Rxd8 Kxd8 42. Rg5 Bxb2 43. Rxb5 c3 44. Rc5 Kd7 45. Kf3 Kd6 46. Rc8
Ke5 47. h4 Kd4 48. Ke2 f3+ 49. Kxf3 Kd3 50. Rd8+ Kc2 51. Ke2 Kb1 52. Rd1+ Kxa2
53. Kd3 Kb3 54. Rh1 c2 55. Kd2 Bc3+ 56. Kd3 Bb2 57. Kd2 1/2-1/2

[Event "II Open A"]
[Site "Conegliano ITA"]
[Date "2008.06.02"]
[Round "6"]
[White "Jovanic, Ognjen"]
[Black "Rombaldoni, Axel"]
[Result "1-0"]
[WhiteElo "2504"]
[BlackElo "2398"]
[PlyCount "135"]
[EventDate "2008.05.31"]

1. d4 Nf6 2. c4 g6 3. Nc3 Bg7 4. Nf3 O-O 5. Bg5 d6 6. e3 Nbd7 7. Qc2 a6 8. Be2
c6 9. O-O Qc7 10. Rfd1 e5 11. Bh4 b6 12. dxe5 dxe5 13. Nd2 Nc5 14. b4 Ne6 15.
Nb3 Ne8 16. c5 b5 17. a4 g5 18. Bg3 f5 19. f3 Rb8 20. axb5 axb5 21. Bd3 Nd8 22.
Ra3 Qe7 23. Be2 h5 24. Na5 Bd7 25. h3 Rc8 26. Nb3 Be6 27. Ra6 g4 28. hxg4 fxg4
29. Ne4 h4 30. Be1 Bh6 31. Rd3 gxf3 32. Bxf3 Ng7 33. Nd6 Rc7 34. Nd2 Nf5 35.
Nf1 Qf6 36. Ra8 Nxd6 37. Rxd6 Rg7 38. Qd1 Nf7 39. Rxf8+ Kxf8 40. Bxh4 Qg6 41.
Rd8+ Nxd8 42. Qxd8+ Kf7 43. Bxc6 Bg5 44. Bxg5 Qxg5 45. Qxg5 Rxg5 46. e4 Bc4 47.
Ne3 Bd3 48. Kf2 Ke6 49. Bd5+ Kd7 50. g4 Rg6 51. Kg3 Be2 52. Kh4 Rh6+ 53. Kg5
Rh3 54. Nf5 Kc7 55. Nh6 Rf3 56. Nf7 Rf1 57. Nxe5 Rb1 58. Kf6 Rxb4 59. g5 Rb1
60. g6 Rf1+ 61. Ke7 Rg1 62. Kf8 Rf1+ 63. Nf7 Bh5 64. g7 Bxf7 65. Bxf7 Rg1 66.
g8=Q Rxg8+ 67. Bxg8 Kc6 68. e5 1-0

[Event "II Open A"]
[Site "Conegliano ITA"]
[Date "2008.06.02"]
[Round "6"]
[White "Lavric, Mihail"]
[Black "Orsatti, Marcello"]
[Result "1/2-1/2"]
[WhiteElo "2009"]
[BlackElo "1987"]
[PlyCount "161"]
[EventDate "2008.05.31"]

1. d4 d5 2. c4 e6 3. Nf3 Nf6 4. Nc3 Be7 5. e3 O-O 6. Bd3 dxc4 7. Bxc4 Nbd7 8.
O-O c5 9. Qe2 a6 10. Rd1 b5 11. Bd3 Bb7 12. dxc5 Bxc5 13. b3 Qe7 14. Bb2 h6 15.
Rac1 Rfd8 16. h3 Rac8 17. Nd2 Ba3 18. Nde4 Bxb2 19. Qxb2 Nb6 20. Qe2 Nxe4 21.
Nxe4 Nd5 22. Qb2 f5 23. Rxc8 Rxc8 24. Ng3 Nc3 25. Re1 Qd6 26. Bf1 b4 27. Nh5
Rd8 28. Bc4 Kh7 29. a4 e5 30. Ng3 Qg6 31. Bf1 a5 32. Qc2 e4 33. Ne2 Rc8 34. Qd2
Nxe2+ 35. Qxe2 Bd5 36. Qb5 Bxb3 37. Qxa5 Rb8 38. Rb1 Qe6 39. Bb5 Bc2 40. Rxb4
Qe5 41. Rd4 Bxa4 42. Qxa4 Rxb5 43. Qa1 Rd5 44. Rd1 Rxd1+ 45. Qxd1 Kg6 46. g3
Kf6 47. Kg2 g6 48. g4 fxg4 49. hxg4 g5 50. Qd8+ Kg6 51. Qg8+ Kf6 52. Qh8+ Ke6
53. Qxh6+ Kd5 54. Qg6 Kc4 55. Qf7+ Kd3 56. Qf5 Qe7 57. Qd5+ Ke2 58. Qc4+ Kd2
59. Qa2+ Kd3 60. Qb3+ Ke2 61. Qc2+ Ke1 62. Qc1+ Ke2 63. Qf1+ Kd2 64. Qc4 Ke1
65. f3 exf3+ 66. Kxf3 Qf6+ 67. Ke4 Kf2 68. Kd3 Kf3 69. Qe4+ Kg3 70. Qf5 Qd6+
71. Ke4 Qe7+ 72. Kd4 Qd6+ 73. Qd5 Qb4+ 74. Qc4 Qxc4+ 75. Kxc4 Kxg4 76. e4 Kf4
77. Kd5 g4 78. e5 g3 79. e6 g2 80. e7 g1=Q 81. e8=Q 1/2-1/2

[Event "II Open A"]
[Site "Conegliano ITA"]
[Date "2008.06.02"]
[Round "6"]
[White "Luch, Michal"]
[Black "Kritz, Leonid"]
[Result "1/2-1/2"]
[WhiteElo "2383"]
[BlackElo "2609"]
[PlyCount "40"]
[EventDate "2008.05.31"]

1. d4 Nf6 2. c4 e6 3. Nc3 Bb4 4. Qc2 O-O 5. a3 Bxc3+ 6. Qxc3 b6 7. Bg5 Bb7 8.
f3 h6 9. Bh4 d5 10. e3 Nbd7 11. cxd5 Nxd5 12. Bxd8 Nxc3 13. Bh4 Nd5 14. Bf2 c5
15. e4 Ne7 16. Ne2 Rac8 17. Nc3 cxd4 18. Bxd4 Rfd8 19. Rd1 Nc6 20. Be3 Nde5
1/2-1/2

[Event "II Open A"]
[Site "Conegliano ITA"]
[Date "2008.06.02"]
[Round "6"]
[White "Omeri, Silvan"]
[Black "Inkiov, Ventzislav V."]
[Result "0-1"]
[WhiteElo "2201"]
[BlackElo "2446"]
[PlyCount "76"]
[EventDate "2008.05.31"]

1. e4 e5 2. Nf3 Nc6 3. Bb5 f5 4. d3 fxe4 5. dxe4 Nf6 6. O-O Bc5 7. Nc3 d6 8.
Bg5 O-O 9. Nd5 Kh8 10. c3 Ne7 11. b4 Bb6 12. Bc4 Nexd5 13. Bxd5 Qe8 14. Bxf6
Rxf6 15. Qd2 c6 16. Bb3 Qg6 17. Kh1 Bg4 18. Nh4 Qh5 19. f3 Raf8 20. Nf5 Bxf5
21. exf5 Qxf5 22. a4 d5 23. c4 e4 24. cxd5 Qe5 25. Rad1 Bc7 26. f4 e3 27. Qe2
Rxf4 28. Rxf4 Rxf4 29. g3 Qe4+ 30. Qg2 e2 31. gxf4 e1=Q+ 32. Rxe1 Qxe1+ 33. Qg1
Qe4+ 34. Qg2 Qb1+ 35. Qg1 Qxb3 36. Qxa7 Qxd5+ 37. Kg1 h6 38. Qxb7 Bxf4 0-1

[Event "II Open A"]
[Site "Conegliano ITA"]
[Date "2008.06.02"]
[Round "6"]
[White "Panican, Gheorghe"]
[Black "Verducci, Gianni"]
[Result "1-0"]
[WhiteElo "2053"]
[BlackElo "2010"]
[PlyCount "66"]
[EventDate "2008.05.31"]

1. e4 e6 2. d4 d5 3. Nc3 Bb4 4. e5 c5 5. a3 Ba5 6. Bd2 cxd4 7. Nb5 Bxd2+ 8.
Qxd2 Nc6 9. Nf3 Nge7 10. Nd6+ Kf8 11. Qf4 Nf5 12. Nxf5 exf5 13. Nxd4 Qe7 14.
Nxf5 Bxf5 15. Qxf5 Qxe5+ 16. Qxe5 Nxe5 17. O-O-O Rd8 18. Be2 h5 19. Rd2 Ke7 20.
Re1 Kf6 21. h3 Rhe8 22. Red1 Ke6 23. Bxh5 Rh8 24. Be2 Rh4 25. Rd4 Rh6 26. Kb1
Rf6 27. f4 Nc6 28. Bg4+ Ke7 29. Rxd5 Rxf4 30. Rd7+ Rxd7 31. Rxd7+ Ke8 32. Rxb7
Rf1+ 33. Ka2 Rf2 1-0

[Event "II Open A"]
[Site "Conegliano ITA"]
[Date "2008.06.02"]
[Round "6"]
[White "Piscopo, Pierluigi"]
[Black "Ikonnikov, Vyacheslav"]
[Result "0-1"]
[WhiteElo "2379"]
[BlackElo "2578"]
[PlyCount "62"]
[EventDate "2008.05.31"]

1. e4 c5 2. Nf3 Nc6 3. d4 cxd4 4. Nxd4 e5 5. Nb5 d6 6. N1c3 a6 7. Na3 Be7 8.
Nc4 b5 9. Ne3 Nf6 10. g3 O-O 11. Bg2 b4 12. Ncd5 Nxd5 13. Nxd5 Bg5 14. Bxg5
Qxg5 15. a3 bxa3 16. Rxa3 Rb8 17. h4 Qd8 18. Qc1 a5 19. O-O Nd4 20. Re3 Be6 21.
c3 Bxd5 22. exd5 Nb3 23. Qc2 f5 24. Kh2 Qb6 25. Re2 g6 26. Rb1 a4 27. Bh3 Rbc8
28. Qd3 Rc7 29. Qe3 Qxe3 30. Rxe3 Rb8 31. Rd1 Na5 0-1

[Event "II Open A"]
[Site "Conegliano ITA"]
[Date "2008.06.02"]
[Round "6"]
[White "Pomaro, Alberto"]
[Black "Georgiev, Vladimir"]
[Result "0-1"]
[WhiteElo "2209"]
[BlackElo "2572"]
[PlyCount "82"]
[EventDate "2008.05.31"]

1. e4 e5 2. Nf3 Nc6 3. Bb5 a6 4. Ba4 Nf6 5. O-O b5 6. Bb3 Bc5 7. c3 d6 8. a4
Bg4 9. d3 Rb8 10. axb5 axb5 11. Nbd2 O-O 12. h3 Bd7 13. Re1 Bb6 14. Nf1 Nh5 15.
d4 Nf4 16. Bxf4 exf4 17. Qd3 Ne7 18. Rad1 Ng6 19. N1d2 c5 20. dxc5 dxc5 21. Bd5
c4 22. Qc2 Qc8 23. e5 Bxf2+ 24. Kxf2 Qc5+ 25. Kf1 Qxd5 26. Ne4 Qc6 27. Kg1 Bf5
28. Rd6 Bxe4 29. Qxe4 Qxe4 30. Rxe4 Rfe8 31. Rd5 h6 32. Nd4 b4 33. Nc6 bxc3 34.
bxc3 Rb1+ 35. Kf2 Rb2+ 36. Kf3 Ra8 37. Na5 Ra2 38. Nxc4 Rc2 39. Ra5 Rxc3+ 40.
Kf2 Rc2+ 41. Kf1 Rb8 0-1

[Event "II Open A"]
[Site "Conegliano ITA"]
[Date "2008.06.02"]
[Round "6"]
[White "Rossi, Gianni"]
[Black "Dussin, Davide"]
[Result "1/2-1/2"]
[WhiteElo "2012"]
[BlackElo "1893"]
[PlyCount "52"]
[EventDate "2008.05.31"]

1. d4 Nf6 2. Nc3 d5 3. e4 dxe4 4. f3 Bf5 5. fxe4 Bg4 6. Nf3 e6 7. Bb5+ c6 8.
Bd3 Be7 9. Be3 Nbd7 10. O-O O-O 11. Qe1 Qc7 12. e5 Nd5 13. Bg5 f6 14. Nxd5 cxd5
15. exf6 Nxf6 16. Ne5 Bf5 17. Bxf5 exf5 18. Rxf5 Qxc2 19. Rf2 Qe4 20. Qd2 h6
21. Re1 Qh7 22. Bxf6 Rxf6 23. Rxf6 Bxf6 24. Ng4 Bg5 25. Qe2 Qf5 26. Ne5 Rc8
1/2-1/2

[Event "II Open A"]
[Site "Conegliano ITA"]
[Date "2008.06.02"]
[Round "6"]
[White "Scalcione, Michelangelo"]
[Black "Dvirnyy, Danyyil"]
[Result "1/2-1/2"]
[WhiteElo "2455"]
[BlackElo "2321"]
[PlyCount "117"]
[EventDate "2008.05.31"]

1. Nf3 g6 2. c4 Bg7 3. e4 d6 4. d4 Nf6 5. Nc3 O-O 6. Be2 e5 7. d5 a5 8. Bg5 h6
9. Bh4 Qe8 10. b3 Nh7 11. Nd2 h5 12. f3 Na6 13. a3 Bd7 14. Rb1 Bh6 15. O-O Be3+
16. Kh1 Bc5 17. Qc1 c6 18. Qb2 f6 19. Bf2 Bxf2 20. Rxf2 c5 21. Nb5 Qe7 22. Re1
Ng5 23. Bd3 Nf7 24. g3 Kg7 25. h4 Nh6 26. Nf1 Rf7 27. Ne3 Rg8 28. Qd2 b6 29.
Nd1 Kh7 30. Ne3 Rfg7 31. Rh2 Rf7 32. Nc3 Rgf8 33. Rg1 Rg7 34. g4 Rfg8 35. Qf2
Nc7 36. Qd2 Na6 37. Qd1 Nc7 38. Rgg2 Na6 39. Ne2 Nc7 40. a4 Ne8 41. Ng3 Kh8 42.
Kg1 Rh7 43. Kf2 hxg4 44. fxg4 g5 45. hxg5 fxg5 46. Qh1 Rg6 47. Ngf5 Qf8 48. Ke1
Nf6 49. Rf2 Nxf5 50. Rxh7+ Nxh7 51. gxf5 Rh6 52. Rh2 Rxh2 53. Qxh2 Kg8 54. Ng4
Nf6 55. Nxf6+ Qxf6 56. Be2 Kg7 57. Bg4 Be8 58. Kf2 Qh6 59. Qxh6+ 1/2-1/2

[Event "II Open A"]
[Site "Conegliano ITA"]
[Date "2008.06.02"]
[Round "6"]
[White "Tamai, Roberto"]
[Black "Tahirovic, Adnan"]
[Result "1-0"]
[WhiteElo "2290"]
[BlackElo "1800"]
[PlyCount "101"]
[EventDate "2008.05.31"]

1. d4 Nf6 2. c4 g6 3. Nf3 Bg7 4. g3 O-O 5. Bg2 d6 6. Nc3 Nbd7 7. O-O e5 8. e4
c6 9. h3 Qb6 10. Re1 Ne8 11. dxe5 Nxe5 12. Nxe5 Bxe5 13. Qe2 Be6 14. Be3 Qb4
15. Bf1 f5 16. exf5 Bxf5 17. Qd2 Rd8 18. Rac1 Rf7 19. Bg5 Bf6 20. Nd5 Qxd2 21.
Nxf6+ Nxf6 22. Bxd2 Ne4 23. Be3 c5 24. Bg2 Nf6 25. Rcd1 b6 26. Bf4 Re8 27.
Rxe8+ Nxe8 28. Bd5 Kg7 29. Bxf7 Kxf7 30. Bxd6 Nxd6 31. Rxd6 Ke7 32. Rd2 Bxh3
33. f3 Be6 34. b3 h5 35. Kf2 a6 36. Ke3 b5 37. cxb5 axb5 38. Kf4 c4 39. bxc4
bxc4 40. Ke5 Bf5 41. Kd4 Bd3 42. f4 Kf6 43. Rxd3 cxd3 44. Kxd3 Kf5 45. Ke3 Kg4
46. a4 Kxg3 47. a5 h4 48. a6 h3 49. a7 Kg2 50. a8=Q+ Kg1 51. Kf3 1-0

[Event "II Open A"]
[Site "Conegliano ITA"]
[Date "2008.06.02"]
[Round "6"]
[White "Tonus, Alex"]
[Black "Gorshkova, Irina"]
[Result "0-1"]
[WhiteElo "1919"]
[BlackElo "2158"]
[PlyCount "98"]
[EventDate "2008.05.31"]

1. e4 e5 2. Nf3 Nf6 3. Nxe5 d6 4. Nf3 Nxe4 5. d4 d5 6. Bd3 Be7 7. O-O Nc6 8. c4
Nb4 9. cxd5 Nxd3 10. Qxd3 Qxd5 11. Re1 Bf5 12. Nc3 Nxc3 13. Qxc3 Qd6 14. Re5
Bg6 15. Bf4 O-O 16. Bg3 c6 17. Rae1 Bf6 18. Re6 Qd5 19. Rd6 Qxa2 20. Rd7 Rfe8
21. Rxb7 c5 22. Qxc5 Rxe1+ 23. Nxe1 Re8 24. Rb8 Rxb8 25. Bxb8 h6 26. Qc3 Qb1
27. Be5 Bg5 28. f4 Bh4 29. g3 Bd8 30. Bd6 Be4 31. Bc5 a6 32. Kf2 Bf6 33. Qd2 h5
34. Ba3 Bd5 35. Qe2 Bxd4+ 36. Kf1 Be6 37. Qd3 Qxd3+ 38. Nxd3 Bc4 39. Ke2 Bg1
40. h3 Bxd3+ 41. Kxd3 Bh2 42. g4 Bxf4 43. Ke4 Bc1 44. gxh5 Kh7 45. Kf5 Kh6 46.
Kg4 a5 47. h4 a4 48. Kf3 Kxh5 49. Kg3 f5 0-1

[Event "II Open A"]
[Site "Conegliano ITA"]
[Date "2008.06.02"]
[Round "6"]
[White "Vezzosi, Paolo"]
[Black "Mileto, Gabriele"]
[Result "1-0"]
[WhiteElo "2351"]
[BlackElo "2165"]
[PlyCount "85"]
[EventDate "2008.05.31"]

1. d4 d5 2. c4 c6 3. Nc3 Nf6 4. e3 a6 5. Qc2 b5 6. b3 Bg4 7. Nge2 Nbd7 8. h3
Bh5 9. Nf4 Bg6 10. Nxg6 hxg6 11. Bb2 e6 12. g3 Rc8 13. Rc1 Bd6 14. Bg2 O-O 15.
O-O Qe7 16. e4 dxe4 17. Nxe4 Nxe4 18. Qxe4 Nf6 19. Qe2 Ba3 20. Bxa3 Qxa3 21.
Rc2 Qd6 22. Rfc1 Qd7 23. Qd2 Rb8 24. cxb5 cxb5 25. Rc6 Rfd8 26. Rxa6 Qxd4 27.
Qxd4 Rxd4 28. Ra7 Nd5 29. Rc5 Rd2 30. Bxd5 Rxd5 31. Rxd5 exd5 32. Rd7 Ra8 33.
Rxd5 Rxa2 34. Rxb5 Rb2 35. h4 Kh7 36. Kg2 Kh6 37. Rb6 f5 38. Kf3 Kh5 39. Rb7
Kh6 40. Ke3 Kh5 41. f3 g5 42. hxg5 g6 43. Kf4 1-0

[Event "II Open A"]
[Site "Conegliano ITA"]
[Date "2008.06.02"]
[Round "6"]
[White "Xia, Jie"]
[Black "Tonel, Giulia"]
[Result "1-0"]
[WhiteElo "2175"]
[BlackElo "1952"]
[PlyCount "81"]
[EventDate "2008.05.31"]

1. e4 c5 2. Nf3 Nc6 3. d4 cxd4 4. Nxd4 e5 5. Nb5 d6 6. N1c3 a6 7. Na3 b5 8. Nd5
Nf6 9. Bg5 Be6 10. Bxf6 gxf6 11. c3 f5 12. exf5 Bxf5 13. Nc2 Bg7 14. Nce3 Be6
15. g3 O-O 16. Bg2 Rc8 17. O-O f5 18. f4 Qe8 19. Kh1 Kh8 20. a4 Ne7 21. axb5
axb5 22. Ra7 Nxd5 23. Nxd5 Rf7 24. Ra6 Qd8 25. Qd3 e4 26. Qd2 Rc5 27. Ne3 Rd7
28. g4 b4 29. cxb4 Bc4 30. bxc5 Bxa6 31. Rd1 Bd3 32. cxd6 fxg4 33. Nf5 h5 34.
Qb4 Qa8 35. Nxg7 Rxg7 36. Qd4 Qe8 37. Rc1 Kg8 38. Rc5 e3 39. Bd5+ Kh8 40. Rc7
Qg6 41. d7 1-0

[Event "II Open A"]
[Site "Conegliano ITA"]
[Date "2008.06.02"]
[Round "6"]
[White "Zanirato, Stefano"]
[Black "Santacaterina, Pietro"]
[Result "1/2-1/2"]
[WhiteElo "1970"]
[BlackElo "1815"]
[PlyCount "137"]
[EventDate "2008.05.31"]

1. e4 d6 2. d4 Nf6 3. Nc3 g6 4. Be2 Bg7 5. Be3 c6 6. Qd2 b5 7. f3 O-O 8. a3 Ba6
9. Bh6 Qb6 10. Bxg7 Kxg7 11. b4 Nbd7 12. f4 Rfd8 13. g4 e6 14. g5 Ng8 15. h4 h5
16. gxh6+ Nxh6 17. Nh3 c5 18. bxc5 dxc5 19. d5 Nf6 20. Rb1 exd5 21. exd5 Qa5
22. Bxb5 Bxb5 23. Rxb5 Qxa3 24. Nf2 Re8+ 25. Kf1 Rad8 26. Kg2 Nf5 27. Rh3 Nd4
28. Rb1 Qa6 29. Rd3 Qc8 30. Rg3 Nf5 31. Rh3 Qd7 32. Rd1 Rh8 33. Rdh1 Nxd5 34.
Nd3 Nf6 35. Qf2 Qc6+ 36. Kg1 Rd4 37. Ne2 Ra4 38. Qf3 Qxf3 39. Rxf3 Rxh4 40.
Rxh4 Nxh4 41. Rh3 Nf5 42. Nxc5 Rc4 43. Rc3 Ne3 44. Rxc4 Nxc4 45. Na6 Ne3 46. c3
Nc4 47. Kg2 Nd5 48. Kf3 Nd6 49. Nb4 Nxb4 50. cxb4 a6 51. Ke3 Nf5+ 52. Kd3 Ne7
53. Kd4 Nc6+ 54. Kc5 Nxb4 55. Kxb4 Kf6 56. Ka5 Kf5 57. Kxa6 Ke4 58. Kb5 Ke3 59.
Ng1 Kxf4 60. Kc4 Ke4 61. Kc3 Ke3 62. Kc2 f5 63. Kd1 g5 64. Ke1 g4 65. Kf1 f4
66. Ne2 Kf3 67. Nxf4 Kxf4 68. Kg2 Ke3 69. Kg1 1/2-1/2

[Event "II Open C"]
[Site "Conegliano ITA"]
[Date "2008.06.02"]
[Round "5"]
[White "Veri', Giustino"]
[Black "Polin, Giulia"]
[Result "1-0"]
[WhiteElo "1497"]
[BlackElo "1422"]
[PlyCount "83"]
[EventDate "2008.05.31"]

1. d4 d5 2. Nf3 e6 3. c4 Nf6 4. Nc3 Be7 5. Bg5 a6 6. Qb3 dxc4 7. Qxc4 b5 8. Qd3
Bb7 9. e4 O-O 10. Be2 Nbd7 11. b4 Qe8 12. a3 Nb6 13. O-O Rd8 14. Rfd1 Nc4 15.
Qc2 Nb6 16. Bf4 Rc8 17. Rac1 Qd8 18. Bd3 Ne8 19. Qe2 f6 20. Qa2 Qd7 21. Be2 Kh8
22. d5 e5 23. Be3 Nd6 24. Bc5 Qe8 25. Nh4 Bd8 26. Bg4 Ra8 27. Nf5 Nbc4 28. Be2
Rf7 29. Bxd6 Nxd6 30. Ne3 f5 31. exf5 Nxf5 32. Nxf5 Rxf5 33. Qc2 Rf4 34. g3 Rf6
35. Ne4 Rh6 36. d6 cxd6 37. Nxd6 Qe7 38. Nf5 Qe6 39. Nxh6 Qxh6 40. Qf5 Bb6 41.
Bf3 Bxf3 42. Rc8+ 1-0

[Event "IV Festival A"]
[Site "Cattolica ITA"]
[Date "2008.05.31"]
[Round "1"]
[White "Bozuffi, Italo"]
[Black "Ferri, Massimiliano"]
[Result "0-1"]
[WhiteElo "1891"]
[BlackElo "2148"]
[PlyCount "64"]
[EventDate "2008.05.31"]

1. f4 d5 2. Nf3 c5 3. e3 Nc6 4. c3 e6 5. d4 Bd6 6. Be2 Nge7 7. O-O O-O 8. Bd3
f6 9. Na3 a6 10. Qe1 Qc7 11. Bd2 Bd7 12. c4 cxd4 13. Nxd4 Nxd4 14. exd4 Bxa3
15. bxa3 dxc4 16. Be4 Rfe8 17. Qb1 f5 18. Qxb7 Qd6 19. Bb4 Qxd4+ 20. Kh1 Ra7
21. Rad1 Rxb7 22. Rxd4 fxe4 23. Rxe4 Nd5 24. Rc1 c3 25. h3 Rc8 26. f5 exf5 27.
Re5 Nxb4 28. axb4 Rxb4 29. Re2 Rb2 30. Rec2 Rxc2 31. Rxc2 Ba4 32. Rc1 c2 0-1

[Event "IV Festival A"]
[Site "Cattolica ITA"]
[Date "2008.06.01"]
[Round "2"]
[White "Ferri, Massimiliano"]
[Black "De Santis, Alessio"]
[Result "1/2-1/2"]
[WhiteElo "2148"]
[BlackElo "2291"]
[PlyCount "68"]
[EventDate "2008.05.31"]

1. e4 c5 2. Nc3 e6 3. g3 Nc6 4. Bg2 h5 5. h3 g6 6. d3 Bg7 7. f4 d6 8. Nf3 Nge7
9. Be3 Nd4 10. Bf2 Bd7 11. Nxd4 cxd4 12. Ne2 e5 13. Qd2 a5 14. c3 dxc3 15. bxc3
Bc6 16. Qb2 O-O 17. O-O b5 18. Be3 Qd7 19. Rf2 b4 20. d4 f5 21. fxe5 Bxe4 22.
Qb3+ Kh7 23. Nf4 dxe5 24. Ne6 Bxg2 25. Nxf8+ Rxf8 26. Rxg2 a4 27. Qd1 f4 28.
gxf4 exf4 29. Bf2 bxc3 30. Qd3 Nf5 31. Rc1 f3 32. Rh2 Nxd4 33. Rxc3 Ne2+ 34.
Kf1 Rd8 1/2-1/2

[Event "IV Festival A"]
[Site "Cattolica ITA"]
[Date "2008.06.03"]
[Round "4"]
[White "Ferri, Massimiliano"]
[Black "Bevilacqua, Maurizio"]
[Result "1-0"]
[WhiteElo "2148"]
[BlackElo "2166"]
[PlyCount "99"]
[EventDate "2008.05.31"]

1. e4 Nf6 2. Nc3 d6 3. f4 g6 4. Nf3 Bg7 5. g3 O-O 6. Bg2 c5 7. d3 Nc6 8. O-O
Rb8 9. a4 a6 10. Nh4 Nd4 11. h3 e6 12. Ne2 Nh5 13. Kh2 Nxe2 14. Qxe2 b5 15.
axb5 axb5 16. Bf3 Nxf4 17. Bxf4 g5 18. Ng2 gxf4 19. Nxf4 Bxb2 20. Ra2 Be5 21.
Bg2 Qg5 22. h4 Qh6 23. Ra7 Rb7 24. Ra8 b4 25. Qd1 Bd7 26. Rxf8+ Kxf8 27. Bh3
Ke7 28. Ng2 Ra7 29. Qf3 Be8 30. Ne3 Qxh4 31. Ng4 Qg5 32. Nxe5 Qxe5 33. Qg4 h6
34. Rf2 Ra1 35. Qf3 Qg5 36. e5 d5 37. Qe2 Ra2 38. Qe1 Ba4 39. d4 Ra3 40. Rf4
Bxc2 41. dxc5 Rc3 42. Rxb4 Re3 43. Rb7+ Kf8 44. Qf2 Bg6 45. c6 Rc3 46. c7 Kg7
47. Bxe6 Qe7 48. Qf6+ Qxf6 49. exf6+ Kxf6 50. c8=Q 1-0

[Event "IV Festival A"]
[Site "Cattolica ITA"]
[Date "2008.06.04"]
[Round "5"]
[White "Sgaravatti, Francesco"]
[Black "Ferri, Massimiliano"]
[Result "1-0"]
[WhiteElo "2185"]
[BlackElo "2148"]
[PlyCount "105"]
[EventDate "2008.05.31"]

1. e4 e6 2. Nf3 d5 3. Nc3 d4 4. Ne2 c5 5. c3 dxc3 6. bxc3 Qa5 7. Ng3 Bd7 8. Qb3
Qc7 9. Rb1 b6 10. d4 Nc6 11. Bd2 Na5 12. Qb2 c4 13. Ne5 Ba4 14. Be2 Bd6 15. f4
O-O-O 16. O-O h5 17. Bxh5 g6 18. Bg4 Kb7 19. Bh3 Qe7 20. Be3 Be8 21. Qe2 Qc7
22. Qf3 Ka6 23. Qf2 f5 24. Qe2 Nf6 25. Bd2 Bxe5 26. fxe5 Nd7 27. Bg5 Rc8 28.
Be7 Rxh3 29. Bd6 Qd8 30. gxh3 Qh4 31. Qg2 Bf7 32. Nh1 Rh8 33. Nf2 Qh6 34. Rb2
Nb7 35. Be7 g5 36. Bxg5 Qh5 37. h4 Na5 38. exf5 exf5 39. Nh3 Qg6 40. Nf4 Qg8
41. Re1 Nf8 42. d5 Ng6 43. Nxg6 Bxg6 44. e6 Qc8 45. Qf2 Nb7 46. Qd4 Re8 47. d6
Qc6 48. d7 Nd8 49. e7 Ne6 50. Qd2 Nxg5 51. hxg5 f4 52. d8=Q Bh5 53. Q2d5 1-0

[Event "IV Festival A"]
[Site "Cattolica ITA"]
[Date "2008.06.05"]
[Round "6"]
[White "Ferri, Massimiliano"]
[Black "Murgia, Andrea"]
[Result "1/2-1/2"]
[WhiteElo "2148"]
[BlackElo "2012"]
[PlyCount "41"]
[EventDate "2008.05.31"]

1. e4 e5 2. Nf3 Nc6 3. Bb5 a6 4. Ba4 d6 5. c3 Nge7 6. d4 Bd7 7. O-O Ng6 8. Re1
Be7 9. Nbd2 O-O 10. Nf1 Kh8 11. Ng3 Qe8 12. d5 Nd4 13. Bxd7 Nxf3+ 14. Qxf3 Qxd7
15. c4 Nh4 16. Qd3 Qg4 17. Bd2 f5 18. exf5 Nxf5 19. Nxf5 Rxf5 20. Re4 Qg6 21.
Qg3 1/2-1/2

[Event "IV Festival B"]
[Site "Cattolica ITA"]
[Date "2008.05.31"]
[Round "1"]
[White "Dimitrijevic, Dragan"]
[Black "Gasperini, Christian"]
[Result "1/2-1/2"]
[WhiteElo "2022"]
[BlackElo "1512"]
[PlyCount "122"]
[EventDate "2008.05.31"]

1. e4 e5 2. Nf3 Nc6 3. Bc4 Nf6 4. Ng5 d5 5. exd5 Na5 6. d3 Nxc4 7. dxc4 h6 8.
Nf3 e4 9. Nd4 Bc5 10. c3 O-O 11. h3 Bd7 12. O-O Re8 13. Be3 Bb6 14. Nd2 c6 15.
dxc6 Bxc6 16. a4 Rc8 17. b4 a6 18. N2b3 Qe7 19. a5 Bc7 20. Nxc6 bxc6 21. Bd4
Be5 22. Ra2 Bxd4 23. Qxd4 Qc7 24. Nc5 Ra8 25. Rd2 Qe5 26. Re1 Qxd4 27. cxd4
Reb8 28. Rb1 Kf8 29. d5 cxd5 30. cxd5 Ke8 31. Nxe4 Nxe4 32. Re2 f5 33. f3 Kd7
34. fxe4 fxe4 35. Rxe4 Kd6 36. Rd4 Rb5 37. Rc1 Rxd5 38. Rxd5+ Kxd5 39. Rc7 g6
40. Rg7 g5 41. Rg6 Kc4 42. Rxh6 Kxb4 43. Rg6 Kxa5 44. Rxg5+ Kb6 45. h4 a5 46.
Rf5 a4 47. h5 a3 48. Rf1 a2 49. Ra1 Kc6 50. Kf2 Kd6 51. Kf3 Ke6 52. Kf4 Kf6 53.
g4 Ra4+ 54. Kg3 Kg5 55. Kf3 Rxg4 56. Rxa2 Kxh5 57. Ra8 Rg6 58. Kf4 Rb6 59. Rg8
Kh6 60. Kf5 Kh7 61. Rg3 Kh8 1/2-1/2